01112nam a22002657a 4500003000900000005001700009008005100026020001600077040002300093092001500116100002500131240012200156245020000278250001200478260005400490300002300544490002600567700002500593830002600618942001200644945002500656952010900681956003900790999001700829DO-SdBNP20171127105609.0171121b 1997 a sp a ||||| |||| 00| 0 spa d a8471123851  aBPMSUbspa cBPMSU axxxxbxxxx1 aPopkewitz, Thomas S.10aA Political Sociology of Educational Reform: Power/Knowledge in Teaching, Teacher Education and Research.lEspañol. aSociología política de las reformas educativas :bel poder-saber en la enseñanza, la formación del profesorado y la investigación /cThomas S. Popkewitz ; traducción de Pablo Manzano. a2a ed.  aMadrid : bMorata, bFundación Paideia, c2000. a295 p. ; c24 cm. 1 aEducación crítica12aManzano, Pablo,etr. 0aEducación crítica 2ddccBK aInvetariado 2017/ LP 00102ddc40708CGaBPMETbBPMETd2017-11-21eDonación l0pBPMSU17110308r2017-11-21w2017-11-21yBK aLOPEREZb10c20171121h0041iBPMSU c12993d12993